Statistics for Classic Chinese Novels

Click here to take the quiz!

General Stats

  • This quiz has been taken 7 times
  • The average score is 5 of 8

Answer Stats

HintAuthorAnswer% Correct
Based loosely on real each story. Feudal lords fight each other for power at the end of Han Dynasty.Luo GuanzhongRomance of the Three Kingdoms
100%
A tragic love story and a tale of the rise and the decline of one family. "Redology" is the field of study devoted exclusively to this work.Cao XueqinDream Of The Red Chamber
86%
A monkey, a monk, and others embark on a quest to obtain Buddhist sacred texts. They meet monsters along the way.Wu Cheng'enJourney To The West
86%
A group of 108 men gather on a mountain and rebel against the government.Shi Nai'anWater Margin
86%
A spin-off of the work above. It is famous for explicit sexual depictions.The Scoffing Scholar of LanlingThe Plum in the Golden Vase
71%
Satiric stories about the antics of Confucian scholars and the imperial examination system.Wu JingziThe Scholars
57%
A collection of short stories, many of which are about spirits and demons.Pu SonglingStrange Tales from a Chinese Studio
0%
An account of a physician's travels.Liu EThe Travels of Lao Can
0%

Score Distribution

Percentile by Number Answered

Percent of People with Each Score

Your Score History

You have not taken this quiz